000 00556nam a22001697a 4500
008 161116b xxu||||| |||| 00| 0 eng d
020 _a978-1-63239-037-0
082 _22015
_aDC 572
_bAd95
245 _aAdvances in biochemistry/
_cedited by Oliver Stone.
260 _aNew York:
_bCallisto Reference,
_cc2015.
300 _avi, 232 pages:
_billustrations (some colored) ;
_c24 cm.
500 _aIncludes bibliographical references.
650 0 _917429
_aBiochemistry
700 _917502
_aStone, Oliver
_eeditor
365 _b5,692.00
_cPhp
942 _2ddc
_cDC
999 _c5681
_d5681